00361nam a2200145Ia 4500008004100000020001500041041000800056082001800064100003000082245002300112260003400135300001200169365001200181650002200193210719s2003 xx 000 0 und d a8121914388 aeng a519.4KAK KANN aKANDASAMY (P) and Others. aNumerical methods. aNDbS. Chand & Co. Ltd.c2003 a551bPB b120cRs aNumerical Methods